La Pau / Aristòfanes ; traducció i pròleg de Cristián Carandell
Descripción Física:
76 p. ; 18 cm
MARC
| LEADER | 00000nam a2200000Ia 4500 | ||
|---|---|---|---|
| 001 | 12696 | ||
| 008 | 160829s2000 xx 000 0 cat d | ||
| 080 | |a L-1-199 | ||
| 100 | |a Aristòfanes |9 35377 | ||
| 245 | |a La Pau / Aristòfanes ; traducció i pròleg de Cristián Carandell | ||
| 260 | |a Barcelona : |b Institut del Teatre, Diputació de Barcelona, |c 2000 | ||
| 300 | |a 76 p. ; |c 18 cm | ||
| 490 | |a Col·lecció popular de teatre clàssic universal / director de la col·lecció : Josep M. Carandell ; 58 | ||
| 700 | |a Carandell, Cristián, tr. i pr. |9 35378 |e traductor, autor del pròleg | ||
| 700 | 1 | |a Carandell, Josep Maria, |d 1934-2003 |e director editorial |9 42674 | |
| 710 | 1 | |a Institut del Teatre (Barcelona, Catalunya) |9 52662 | |
| 901 | |a Arxiu | ||
| 942 | |n 1 |2 udc | ||
| 952 | |0 0 |1 0 |4 0 |6 L1199 |7 1 |9 46871 |a Arxiu |b Arxiu |d 2016-12-01 |l 0 |o L-1-199 |p 12696 |r 2016-12-01 00:00:00 |w 2016-12-01 |y ARXIU | ||
| 999 | |c 50664 |d 50664 | ||